000 00722nam a22001817a 4500
003 UA-OsUOA
001 17303
007 ta
008 20040221b un ||||| |||| 00| 0 ukr d
100 _aПащук І.
942 _cSA
040 _aUA-OsUOA
_cUA-OsUOA
_dUA-OsUOA
245 _aНаш найвидатніший земляк
_bЗавтра [10 січ. 2004 р.] минає 70 р. першому Президентові незалежної України Л.М.Кравчуку [, який народився в с.Великий Житин Рівнен. р-ну]
300 _aС.2
955 _a0
773 0 _w0
_tВільне слово
_dРівне
_d2004
_g№3/9 січ./
650 7 _aВидатні діячі
_2UDC
999 _c303471
_d303471